| 000 | 00474nam a2200205Ia 4500 | ||
|---|---|---|---|
| 003 | 0100 | ||
| 008 | 130227s9999 xx 000 0 und d | ||
| 040 | _cARRUPELIB | ||
| 050 | _aBL 80 .2 F57 2002 | ||
| 100 | _aFisher, Mary Pat. | ||
| 245 | _aLiving Religions | ||
| 245 | _bA Brief Introduction | ||
| 260 | _aNew Jersey | ||
| 260 | _bPrentice Hall | ||
| 260 | _C2002 | ||
| 300 | _a319p. | ||
| 300 | _b24cm. | ||
| 650 | _bAtomic theory- History | ||
| 942 |
_2lcc _02 |
||
| 999 |
_c7228 _d7228 |
||